000 00466nam a2200181Ia 4500
008 131103s9999 xx 000 0 und d
020 _a747262365
040 _aLoreto College
041 _aEnglish
082 _aF/OFL
_bLCBED/12869
100 _aO'Flanagan, Sheila
245 _aSuddenly single
_cSheila O'Flanagan
260 _aGreat Britain
_bHeadline
_c1999
300 _a600p.
_c 18cm.
650 _aEnglish fiction
850 _aLCBED/F/OFL
942 _cBK
999 _c33123
_d83602